Normal view
MARC view
Entry Personal Name
001 - CONTROL NUMBER
- control field: 4193
003 - CONTROL NUMBER IDENTIFIER
- control field: BD-DhBUF
005 - DATE AND TIME OF LATEST TRANSACTION
- control field: 20251123112041.0
008 - FIXED-LENGTH DATA ELEMENTS
- fixed length control field: 251123|| aca||aabn | a|a d
040 ## - CATALOGING SOURCE
- Original cataloging agency: BD-DhBUF
- Transcribing agency: BD-DhBUF
100 ## - HEADING--PERSONAL NAME
- Personal name: শোয়াব, ক্লাউস
670 ## - SOURCE DATA FOUND
- Source citation: Work cat.: (BD-DhBUF)2815: শোয়াব, ক্লাউস, চতুর্থ শিল্প বিপ্লব /, ২০২৩.
